000 00699nam a2200289Ia 4500
005 20260324122532.0
008 008 260324s9999 xx 000 0 eng d
020 _a9781315655260
037 _aEBOOK
040 _aCRL
040 _beng
040 _cCRL
041 _2eng
041 _aeng
084 _qCRL
100 _aFrédéric Regard
_91166078
245 4 _aThe Quest for the Northwest Passage
245 0 _bKnowledge, Nation and Empire, 1576–1806
260 _bTaylor and Francis
260 _c2013
365 _a
365 _b255
856 _uhttp://www.taylorfrancis.com/books/9781315655260
942 _cEBOOK
999 _c1759650
_d1759650